Dancing With Our Hands Tied - Taylor Swift - Statistics

General Stats
  • This quiz has been taken 1,010 times
  • The average score is 349 of 415
Answer Stats
Answer % Correct
I
99%
we
99%
with
99%
you
98%
You
98%
a
97%
dancing
97%
Dancing
97%
hands
97%
Hands
97%
in
97%
our
96%
tied
96%
were
96%
an
94%
love
94%
Oh
92%
the
92%
but
91%
But
91%
it
91%
was
91%
yeah
91%
Yeah
91%
First
90%
first
90%
loved
90%
me
89%
and
88%
And
88%
to
88%
know
87%
My
87%
my
87%
secret
87%
your
87%
could
86%
had
86%
that
86%
how
85%
time
84%
feeling
83%
who
83%
bad
82%
Like
82%
of
82%
reason
81%
without
81%
no
79%
old
78%
years
78%
pockets
77%
world
77%
Deep
75%
twentyfive
75%
golden
74%
us
74%
blue
73%
forever
73%
invisible
73%
Picture
73%
dance
72%
locket
72%
painted
72%
there
72%
nothing
70%
said
70%
stop
70%
been
69%
face
69%
out
69%
would
67%
could've
65%
frozen
65%
one
64%
close
63%
held
63%
I'm
63%
oasis
63%
spent
62%
into
61%
kiss
61%
as
60%
can
60%
If
60%
lights
60%
through
60%
bed
59%
I'd
59%
sight
59%
spite
59%
turned
59%
divide
58%
it's
58%
mess
58%
went
57%
again
56%
baby
56%
fears
56%
got
56%
say
56%
wanted
56%
water
55%
avalanche
54%
sacred
54%
So
54%
People
53%
rushes
53%
cause
52%
gravity
52%
hold
52%
knew
51%
putting
51%
room
51%
down
50%
started
50%
talking
50%
darling
49%
keeping
49%
paces
47%
take
47%
burned
44%
Swaying
42%
No matching quizzes found
Score Distribution
Percent of People with Each Score
Percentile by Number Answered
Your Score History
You have not taken this quiz